000 00844nam a2200277 i 4500
001 C2-0345174
003 PPAK
005 20180728145807.0
008 180128s2013 ii a|||| ||||| | tam d
020 _a9789383661350
040 _aPPAK
_beng
_cPPAK
_erda
082 0 4 _a494.81186
_223
090 0 0 _a494.81186
_bVIN
_dK
100 1 _aVinayachandran, D.,
_eauthor
245 1 0 _aNalla naay
264 1 _aChennai, India :
_bBooks For Children ,
_c2013
300 _a23 pages :
_bcolour illustrations ;
_c18 cm
336 _2rdacontent
_atext
337 _2rdamedia
_aunmediated
338 _2rdacarrier
_avolume
490 1 _aNadodi kathaigal varisai
500 _aOriginally published by Kerala State Institute of Children's.
650 1 0 _aTamil language - Readers - Fiction.
830 0 _aNadodi kathaigal varisai
942 _ddc
_cB
999 _c141674
_d141674